Investors check in (Record no. 67623)
[ view plain ]
| 000 -LEADER | |
|---|---|
| fixed length control field | 01074cam a2200229 4500 |
| 001 - CONTROL NUMBER | |
| control field | ABS64108 |
| 008 - FIXED-LENGTH DATA ELEMENTS--GENERAL INFORMATION | |
| fixed length control field | 000000n2001 000 0 eng u |
| 035 ## - SYSTEM CONTROL NUMBER | |
| System control number | (Sirsi) u113529 |
| 100 ## - MAIN ENTRY--PERSONAL NAME | |
| Personal name | Gammage, D. |
| 245 ## - TITLE STATEMENT | |
| Title | Investors check in |
| 260 ## - PUBLICATION, DISTRIBUTION, ETC. | |
| Date of publication, distribution, etc. | 2001 |
| 490 ## - SERIES STATEMENT | |
| Series statement | Estates Gazette |
| Volume/sequential designation | (0124) 16 June 2001, 152-154(3) |
| 520 ## - SUMMARY, ETC. | |
| Summary, etc. | An article looking at the growing trend for hotel operators to enter sale and leaseback arrangements with property companies. By selling off their property assets operators have been able realise additional capital for the development and consolidation of their share of the market whilst property companies are well placed to ensure that returns on the properties, which offer enhanced residual values thanks to their long useful life, themselves are maximised. |
| 590 ## - LOCAL NOTE (RLIN) | |
| Local note | ABS |
| 650 ## - SUBJECT ADDED ENTRY--TOPICAL TERM | |
| Topical term or geographic name entry element | ASSET MANAGEMENT |
| 650 ## - SUBJECT ADDED ENTRY--TOPICAL TERM | |
| Topical term or geographic name entry element | HOTELS |
| 650 ## - SUBJECT ADDED ENTRY--TOPICAL TERM | |
| Topical term or geographic name entry element | PROPERTY INVESTMENT |
| 650 ## - SUBJECT ADDED ENTRY--TOPICAL TERM | |
| Topical term or geographic name entry element | RESIDUAL VALUES |
| 650 ## - SUBJECT ADDED ENTRY--TOPICAL TERM | |
| Topical term or geographic name entry element | SALE AND LEASEBACK |
| 690 ## - LOCAL SUBJECT ADDED ENTRY--TOPICAL TERM (OCLC, RLIN) | |
| Topical term or geographic name as entry element | PROPERTY-COMMERCIAL PROPERTY-COMMERCIAL PROPERTY FINANCE AND INVESTMENT |
| 942 ## - ADDED ENTRY ELEMENTS (KOHA) | |
| Suppress in OPAC | 0 |
| Withdrawn status | Lost status | Source of classification or shelving scheme | Damaged status | Not for loan | Home library | Current library | Shelving location | Date acquired | Total Checkouts | Full call number | Barcode | Date last seen | Copy number | Price effective from | Koha item type |
|---|---|---|---|---|---|---|---|---|---|---|---|---|---|---|---|
| Dewey Decimal Classification | London | London | Journal article | 09/07/2001 | ABS64108 | 113529-1001 | 06/08/2019 | 1 | 06/08/2019 | Journal article |